Дело о выкупе земельных наделов временнообязанными крестьянами Антония-Цезария Станиславовича Ингелевича имения Сяврики Новоалек...

Доступно только в Электронных читальных залах Найти на картеНа карте
RUSMARC
00004122nmc2a2200000 x 450
00162dc3b87-52dd-40dc-aa83-de8f61a6cb01
00520160109035840.0
100##$a20141210l18641880k l0rusy0189 ca
1010#$arus
102##$aRU
2001#$aДело о выкупе земельных наделов временнообязанными крестьянами Антония-Цезария Станиславовича Ингелевича имения Сяврики Новоалександровского уезда Ковенской губернии
$j19 декабря 1864 г. - 26 октября 1880 г.
251##$cДело
300##$aДело
300##$aОриг. заголовок дела: Дело Ингелевича Антония-Цезария Станиславовича Ковенской губернии Новоалександровского уезда имения Лавенов или Сяврики. 19 декабря 1864 г. - 26 октября 1880 г
801#0$aRU
$bРГИА
$c20141210
$gRCR
801#1$aRU
$bГлавНИВЦ
$c20141210
$2rusmarc
801#2$aRU
$bПБ им. Б.Н. Ельцина
$c20160109
$gRCR
$2rusmarc
850##$aРГИА
852##$aРГИА
$eФедеральное казенное учреждение "Российский государственный исторический архив" (РГИА)
$j817
937##$hРГИА
$d11173421
$aASBIBLIO_SCAN
462#0$1001502adf71-6cdd-4b0a-8019-ccd751bf1031
$12001
$aДела Главного выкупного учреждения Министерства финансов по Ковенской губернии
$1251
$cОпись
$1852
$j15
461#0$10018ef30ad5-ff5c-4840-a721-74c62a200f95
$12001
$aГлавное выкупное учреждение Министерства финансов
$1251
$cФонд
$1852
$j577
215##$a22 л.
$d36,5х26 см
371##$aДокумент не является опубликованным и широко распространяемым
105##$ay###
1222#$ad
5171#$aДело Ингелевича Антония-Цезария Станиславовича Ковенской губернии Новоалександровского уезда имения Лавенов или Сяврики. 19 декабря 1864 г. - 26 октября 1880 г.
035##$a62dc3b87-52dd-40dc-aa83-de8f61a6cb01
Формат отображения